| 000 | 01581cam a2200301 i 4500 | ||
|---|---|---|---|
| 003 | SA-RiAUC | ||
| 005 | 20250805063237.0 | ||
| 008 | 250802s1994 le g 00000 ara c | ||
| 040 |
_aSA-RiAUC _bara _cSA-RiAUC _erda |
||
| 082 | 0 | 4 | _a257.5 |
| 090 |
_a257.5 _b ك ا ف |
||
| 100 | 1 |
_aالكافي، محمد بن يوسف بن محمد، _d1861-1960 _eمؤلف. |
|
| 245 | 1 | 0 |
_aإحكام الأحكام على تحفة الحكام للعلامة محمد بن يوسف الكافي على منظومة القضاة من أحكام في مذهب الإمام مالك رضي الله عنه / _cشرح وتعليق لأبي بكر محمد بن محمد بن عاصم الأندلسي الغرناطي، مأمون بن محيي الدين الجنان. |
| 250 | _aالطبعة الأولى. | ||
| 264 | 1 |
_aبيروت : _bدار الكتب العلمية، _c1994 |
|
| 300 |
_a310 صفحة؛ _c24 سم. |
||
| 336 |
_aنص _btxt _2rdacontent _3كتاب |
||
| 337 |
_aبدون وسيط _bn _2rdamedia |
||
| 338 |
_aمجلد _bnc _2rdacarrier |
||
| 650 | 7 |
_aالقضاء في الإسلام _2aucsh |
|
| 650 | 7 |
_aالقضاء في الإسلام _2aucsh |
|
| 700 | 1 |
_aابن عاصم، محمد بن محمد بن محمد (الأب)، _d760-829 هجري _eشارح. |
|
| 700 | 1 |
_aالجنان، مأمون بن محيي الدين _eشارح. |
|
| 740 | 0 | 2 | _aتحفة الحكام. |
| 740 | 0 | _aمنظومة القضاة من أحكام في مذهب الإمام مالك رضي الله عنه. . | |
| 942 |
_2ddc _cBOOK _n0 |
||
| 949 |
_aSA-JeALM _d250802 _umohamedma123 _n1 |
||
| 999 |
_c10554 _d10554 |
||